[Event "Moscow Open 2007"]
[Site "Moscow"]
[Date "2007.01.27"]
[Round "1"]
[White "Shimanov, Aleksandr"]
[Black "Romashko, Andrei"]
[Result "1-0"]
[WhiteElo "2419"]
[BlackElo "2177"]
[PlyCount "197"]
[EventDate "2007.??.??"]

1. Nf3 d5 2. d4 c6 3. c4 Nf6 4. e3 g6 5. Nc3 Bg7 6. h3 O-O 7. Be2 a6 8. O-O b5
9. b3 Nbd7 10. Bd2 Bb7 11. Qc2 Qc7 12. Rac1 Rac8 13. Qb1 Qb8 14. Rfd1 Rfd8 15.
c5 e5 16. dxe5 Nxe5 17. Nxe5 Qxe5 18. Bf3 Re8 19. Ne2 Qc7 20. Bc3 Nd7 21. Bxg7
Kxg7 22. Qb2+ Qe5 23. Nd4 f5 24. Rd2 h5 25. h4 Qf6 26. g3 Ne5 27. Qc3 Re7 28.
Be2 Kf7 29. a4 Rh8 30. Kg2 Rc8 31. Qa5 Kg7 32. Qc3 Kf7 33. Rdc2 Rcc7 34. Qa5
Rc8 35. Qd2 Kg7 36. Rh1 Rcc7 37. Bf3 Rc8 38. Rhc1 Rcc7 39. Kf1 Rc8 40. Bg2 Rcc7
41. Ne2 Rcd7 42. Qd4 Ng4 43. axb5 axb5 44. Ra1 Rc7 45. Nf4 Rcd7 46. Kg1 Ne5 47.
Rca2 Kf7 48. Ra7 Kg7 49. Kh1 Ng4 50. R7a2 Kf7 51. Bf3 Ne5 52. Be2 Rc7 53. Kg2
Rcd7 54. Rd1 Rc7 55. Bf3 Rcd7 56. Ra7 Rc7 57. Ne2 Rcd7 58. Qf4 Kg7 59. Nd4 Rf7
60. Kg1 Rde7 61. Bg2 Rd7 62. Nc2 Rfe7 63. Qd4 Rc7 64. Nb4 Ng4 65. Bf3 Ne5 66.
Be2 Kf7 67. Kf1 Kg7 68. Ke1 Kf7 69. Kd2 Kg7 70. Kc3 Kf7 71. Rda1 Kg7 72. Nd3
Nd7 73. Bf3 Nf8 74. Nf4 Rcd7 75. Kb4 Rd8 76. R1a6 Qxd4+ 77. exd4 Rdd7 78. Rb6
Rc7 79. Kc3 Kf7 80. Nd3 Ne6 81. Ne5+ Kf6 82. Nd3 Kg7 83. Nb4 Nd8 84. Nc2 Ne6
85. Kd3 Nd8 86. b4 Kf7 87. Na1 Kg7 88. Nb3 Kh7 89. Na5 Kg7 90. Kd2 Kh7 91. Be2
Kg7 92. Ke1 Kh7 93. Kf1 Kg7 94. Bd3 Kh7 95. Kg2 Kg7 96. Kf3 Kh7 97. Nxb7 Rxb7
98. Rbxb7 Nxb7 99. Bxb5 1-0

[Event "Moscow Open 2007"]
[Site "Moscow"]
[Date "2007.01.27"]
[Round "1"]
[White "Babushkin, Eduard"]
[Black "Paveliev, Alexey"]
[Result "0-1"]
[WhiteElo "2170"]
[BlackElo "2418"]
[PlyCount "72"]
[EventDate "2007.??.??"]

1. d4 d5 2. c4 Bf5 3. Nc3 e6 4. cxd5 exd5 5. Bf4 c6 6. Nf3 Nf6 7. e3 Qb6 8. Bd3
Qxb2 9. O-O Bxd3 10. Qxd3 Bb4 11. Na4 Qa3 12. Qc2 Nbd7 13. Rab1 O-O 14. Qb3
Qxb3 15. Rxb3 a5 16. a3 b5 17. Nb2 Be7 18. Rc1 Rfc8 19. Nd3 Nb6 20. Nfe5 Nc4
21. a4 Ne4 22. axb5 a4 23. Rbb1 cxb5 24. Rxb5 f6 25. Nxc4 dxc4 26. Nb4 Bxb4 27.
Rxb4 a3 28. Ra1 g5 29. f3 Nd2 30. Bd6 Nb3 31. Ra2 Nc1 32. Ra1 Nd3 33. Rb5 a2
34. Bc5 c3 35. Rb3 Rab8 36. Bb6 c2 0-1

[Event "Moscow Open 2007"]
[Site "Moscow"]
[Date "2007.01.27"]
[Round "1"]
[White "Papin, Vasily"]
[Black "Prudnikova, Ekaterina"]
[Result "1-0"]
[WhiteElo "2416"]
[BlackElo "2169"]
[PlyCount "47"]
[EventDate "2007.??.??"]

1. e4 c6 2. Nc3 d5 3. Nf3 Bg4 4. h3 Bxf3 5. Qxf3 dxe4 6. Nxe4 Nf6 7. Nxf6+ gxf6
8. Bc4 e6 9. O-O Bg7 10. c3 O-O 11. d4 Nd7 12. Bb3 f5 13. Be3 Nf6 14. c4 Qd7
15. Rad1 b5 16. d5 cxd5 17. cxd5 e5 18. Bc2 e4 19. Qg3 Kh8 20. f3 Rac8 21. Bb1
Rfe8 22. Qg5 exf3 23. Bxf5 Qe7 24. d6 1-0

[Event "Moscow Open 2007"]
[Site "Moscow"]
[Date "2007.01.27"]
[Round "1"]
[White "Davydenko, Andrey"]
[Black "Kozlov, Vladimir N"]
[Result "0-1"]
[WhiteElo "2167"]
[BlackElo "2413"]
[PlyCount "104"]
[EventDate "2007.??.??"]

1. e4 c5 2. Nf3 d6 3. d4 cxd4 4. Nxd4 Nf6 5. Nc3 Nc6 6. f3 e5 7. Nb3 Be7 8. Be3
O-O 9. Qd2 a5 10. Bb5 Be6 11. O-O-O Na7 12. a4 Nxb5 13. Nxb5 Ra6 14. Kb1 Qc8
15. Qf2 Qc4 16. Bb6 Nd7 17. Bc7 Qxa4 18. Bxd6 Qxb5 19. Bxe7 a4 20. Nc1 a3 21.
b3 Rc8 22. Rd3 f6 23. Na2 Kf7 24. Bb4 Rac6 25. c4 Qa6 26. Rhd1 Nc5 27. Bxc5
Rxc5 28. Rd6 R5c6 29. Rxc6 Rxc6 30. Nb4 Qb6 31. Qd2 Rc8 32. Ka2 Qc5 33. Nd3 Qd4
34. Qb4 Rc7 35. Rd2 Rd7 36. Qxa3 Qc3 37. Nxe5+ Qxe5 38. Rxd7+ Bxd7 39. Qa7 Bc6
40. h3 Qg3 41. Qg1 f5 42. Qf1 fxe4 43. fxe4+ Kg8 44. c5 h6 45. b4 Qc3 46. Qb1
Qc4+ 47. Qb3 Qxb3+ 48. Kxb3 Bxe4 49. g3 Kf7 50. Kc4 Ke6 51. Kd4 Bg2 52. h4 Bc6
0-1

[Event "Moscow Open 2007"]
[Site "Moscow"]
[Date "2007.01.27"]
[Round "1"]
[White "Obodchuk, Andrei"]
[Black "Kurukin, Dmitry"]
[Result "1-0"]
[WhiteElo "2410"]
[BlackElo "2164"]
[PlyCount "48"]
[EventDate "2007.??.??"]

1. d4 Nf6 2. c4 g6 3. Nc3 Bg7 4. e4 d6 5. Nf3 O-O 6. Be2 e5 7. Be3 Ng4 8. Bg5
f6 9. Bh4 Nc6 10. d5 Ne7 11. Nd2 h5 12. h3 Nh6 13. g4 hxg4 14. hxg4 f5 15. gxf5
gxf5 16. Bd3 Qe8 17. Nb5 Qd7 18. Qh5 a6 19. Bg5 Ng4 20. Nc3 Nf6 21. Qh2 fxe4
22. Ncxe4 Nxe4 23. Bxe4 Qe8 24. Qh7+ Kf7 1-0

[Event "Moscow Open 2007"]
[Site "Moscow"]
[Date "2007.01.27"]
[Round "1"]
[White "Khropova, Larisa"]
[Black "Ovod, Evgenija"]
[Result "0-1"]
[WhiteElo "2163"]
[BlackElo "2410"]
[PlyCount "90"]
[EventDate "2007.??.??"]

1. d4 Nf6 2. c4 e6 3. Nf3 b6 4. Nc3 Bb4 5. Qc2 Bb7 6. Bg5 h6 7. Bxf6 Qxf6 8.
O-O-O O-O 9. a3 Bxc3 10. Qxc3 c5 11. dxc5 Qxc3+ 12. bxc3 bxc5 13. e3 Rd8 14.
Ne5 d6 15. Rg1 Na6 16. Nd3 Rab8 17. Rd2 Nc7 18. Rb2 Ba6 19. Nf4 Na8 20. g4 Rxb2
21. Kxb2 Rb8+ 22. Kc2 Nb6 23. Bd3 Bxc4 24. Rb1 Bxd3+ 25. Nxd3 Kf8 26. c4 Ke7
27. f4 Rc8 28. Kc3 d5 29. Nb2 Kd6 30. Rd1 Kc6 31. h4 a5 32. Rd2 Rb8 33. Rd1 a4
34. g5 Nxc4 35. Nxc4 Rb3+ 36. Kd2 dxc4 37. Rg1 h5 38. g6 f6 39. e4 Rf3 40. e5
Rxf4 41. exf6 Rxf6 42. Rg5 Rf5 43. Rg1 Rf4 44. Re1 Kd5 45. Rb1 Rg4 0-1

[Event "Moscow Open 2007"]
[Site "Moscow"]
[Date "2007.01.27"]
[Round "1"]
[White "Burlov, Vassili"]
[Black "Rasstriguine, Andrei"]
[Result "1-0"]
[WhiteElo "2410"]
[BlackElo "2161"]
[PlyCount "61"]
[EventDate "2007.??.??"]

1. d4 Nf6 2. c4 e6 3. Nf3 b6 4. a3 Bb7 5. Nc3 d5 6. cxd5 exd5 7. g3 Be7 8. Bg2
O-O 9. O-O Re8 10. Bf4 c6 11. Qc2 Nbd7 12. Rad1 Bf8 13. Ne5 Qe7 14. Rfe1 Nxe5
15. dxe5 Nd7 16. e4 d4 17. Rxd4 Nxe5 18. Red1 Bc8 19. h3 Qf6 20. Bxe5 Qxe5 21.
f4 Qh5 22. Kh2 Bg4 23. R1d2 a5 24. e5 Bf3 25. Rd7 Bg4 26. Rc7 Rac8 27. Ra7 Red8
28. Ne4 Rxd2 29. Qxd2 Be6 30. Ng5 Qg6 31. Be4 1-0

[Event "Moscow Open 2007"]
[Site "Moscow"]
[Date "2007.01.27"]
[Round "1"]
[White "Omariev, Maksim"]
[Black "Kachko, Alexander"]
[Result "0-1"]
[WhiteElo "2153"]
[BlackElo "2410"]
[PlyCount "121"]
[EventDate "2007.??.??"]

1. e4 Nc6 2. h4 Nf6 3. Nc3 e5 4. d3 Bc5 5. Bg5 h6 6. Bxf6 Qxf6 7. Qd2 Ne7 8. g3
d6 9. Bg2 a6 10. Nh3 Bg4 11. f3 Be6 12. O-O-O Qg6 13. g4 f6 14. h5 Qf7 15. a3
b5 16. Ne2 d5 17. d4 Bb6 18. Nf2 O-O-O 19. Qc3 dxe4 20. fxe4 Bc4 21. Rhe1 Bxe2
22. Rxe2 Bxd4 23. Qa5 Kb7 24. Nd3 Nc6 25. Qe1 Qa2 26. c3 Bb6 27. Nb4 Qa1+ 28.
Kc2 Qxd1+ 29. Qxd1 Rxd1 30. Kxd1 Na5 31. Kc2 Rd8 32. Rd2 Rxd2+ 33. Kxd2 Nc4+
34. Kc1 Be3+ 35. Kb1 c6 36. b3 Nd6 37. Nc2 Bd2 38. Kb2 Kb6 39. Nb4 a5 40. Nd3
a4 41. Kc2 Be3 42. Nb2 axb3+ 43. Kxb3 c5 44. Kc2 Ka5 45. Nd1 Bg1 46. Kb3 c4+
47. Ka2 Bc5 48. Bf3 Bg1 49. Bg2 Nb7 50. Bf3 Nc5 51. Bg2 Na4 52. Kb1 Bh2 53. Kc2
Bf4 54. Nb2 Nc5 55. Bf3 Nb3 56. a4 Bc1 57. Nd1 Kxa4 58. Be2 Ka3 59. Bf1 Ka2 60.
Be2 Bf4 61. Nb2 0-1

[Event "Moscow Open 2007"]
[Site "Moscow"]
[Date "2007.01.27"]
[Round "1"]
[White "Krylov, Mikhail"]
[Black "Savina, Anastasia"]
[Result "1-0"]
[WhiteElo "2408"]
[BlackElo "2153"]
[PlyCount "129"]
[EventDate "2007.??.??"]

1. d4 Nf6 2. c4 g6 3. Nc3 Bg7 4. Bg5 O-O 5. e3 c5 6. Nf3 d6 7. d5 Qa5 8. Nd2 a6
9. a4 e6 10. Be2 Nbd7 11. O-O h6 12. dxe6 fxe6 13. Bf4 e5 14. Bg3 Rd8 15. Qc2
Nf8 16. Bd3 Kh7 17. Nd5 Nxd5 18. cxd5 Qc7 19. f4 Qe7 20. Nc4 Rb8 21. a5 Bd7 22.
Rf2 Bb5 23. Raf1 e4 24. Bxe4 Bxc4 25. Qxc4 Re8 26. Bd3 Qxe3 27. f5 b5 28. axb6
Rxb6 29. Kh1 Qd4 30. Qc2 Qxd5 31. f6 Bh8 32. f7 Re6 33. Bc4 Qe4 34. Bxe6 Qxe6
35. Re2 Qg4 36. Re8 Bg7 37. Qd2 Qc4 38. Qd1 Rxb2 39. Bxd6 Rd2 40. Bxf8 Rxd1 41.
Rxd1 Qxf7 42. Red8 Bxf8 43. R8d7 Qxd7 44. Rxd7+ Kg8 45. Kg1 Bg7 46. Kf2 a5 47.
Ke3 Bb2 48. Rb7 Bc3 49. Ke4 Bd2 50. Kd5 Bb4 51. g4 Kf8 52. Ke6 Bc3 53. Kd5 Bb4
54. Rh7 a4 55. Kc4 Kg8 56. Rxh6 Kg7 57. Rh3 Kf6 58. Rh8 Kg5 59. h3 Kf4 60. Rg8
g5 61. Rg7 Ba3 62. Rd7 Bb4 63. Rd5 Ba3 64. Kb5 Bb4 65. Kxa4 1-0

[Event "Moscow Open 2007"]
[Site "Moscow"]
[Date "2007.01.27"]
[Round "1"]
[White "Ludanov, Nikolay"]
[Black "Chernobay, Artem"]
[Result "0-1"]
[WhiteElo "2147"]
[BlackElo "2408"]
[PlyCount "86"]
[EventDate "2007.??.??"]

1. e4 c5 2. Nc3 Nc6 3. g3 g6 4. Bg2 Bg7 5. d3 d6 6. f4 e6 7. Nf3 Nge7 8. O-O
O-O 9. Be3 a6 10. a4 b6 11. Qd2 Bb7 12. Kh1 d5 13. exd5 exd5 14. Bf2 d4 15. Ne4
Qd7 16. Nh4 h6 17. Qd1 f5 18. Nd2 Nb4 19. Nc4 Bxg2+ 20. Nxg2 Ned5 21. Nh4 Qc6
22. Nf3 g5 23. fxg5 hxg5 24. Kg1 g4 25. Nh4 Rae8 26. Re1 Rxe1+ 27. Bxe1 b5 28.
axb5 axb5 29. Bxb4 Nxb4 30. Na5 Qe6 31. Ng2 Re8 32. Nb3 c4 33. Nc1 Nd5 34. Kf1
Ne3+ 35. Nxe3 dxe3 36. c3 Qd5 37. Kg1 e2 38. Nxe2 Bh6 39. Nf4 Bxf4 40. gxf4
cxd3 41. Qf1 Re2 42. Re1 Qg2+ 43. Qxg2 Rxe1+ 0-1

[Event "Moscow Open 2007"]
[Site "Moscow"]
[Date "2007.01.27"]
[Round "1"]
[White "Nakhapetiane, Pogos"]
[Black "Ezhikov, Vitaly"]
[Result "1-0"]
[WhiteElo "2408"]
[BlackElo "2131"]
[PlyCount "71"]
[EventDate "2007.??.??"]

1. e4 c6 2. d4 d5 3. Nc3 dxe4 4. Nxe4 Bf5 5. Ng3 Bg6 6. h4 h6 7. Nf3 Nd7 8. h5
Bh7 9. Bd3 Bxd3 10. Qxd3 Ngf6 11. Bf4 e6 12. O-O-O Nd5 13. Bd2 Qc7 14. c4 N5f6
15. Ne4 Nxe4 16. Qxe4 Nf6 17. Qe2 O-O-O 18. g3 b6 19. Bc3 Bd6 20. Ne5 Bxe5 21.
dxe5 Nd7 22. Rd6 Nc5 23. Qf3 Rxd6 24. exd6 Qxd6 25. Rd1 Qc7 26. Bxg7 Rh7 27.
Bf6 Nd7 28. Rxd7 Qxd7 29. Qe4 e5 30. Qxh7 Qe6 31. Qh8+ Kb7 32. b3 Qh3 33. Qd8
Qf1+ 34. Qd1 Qxf2 35. Be7 Qxg3 36. Qd7+ 1-0

[Event "Moscow Open 2007"]
[Site "Moscow"]
[Date "2007.01.27"]
[Round "1"]
[White "Rogovsky, Alexander"]
[Black "Yuferov, Sergey  N"]
[Result "0-1"]
[WhiteElo "2117"]
[BlackElo "2407"]
[PlyCount "110"]
[EventDate "2007.??.??"]

1. d4 Nf6 2. c4 g6 3. Nc3 Bg7 4. e4 d6 5. Nf3 O-O 6. Be2 e5 7. O-O Na6 8. d5
Nc5 9. Qc2 a5 10. Bg5 h6 11. Be3 b6 12. a3 a4 13. Bxc5 bxc5 14. Nd2 Bd7 15. b4
axb3 16. Qxb3 h5 17. Rfb1 Bh6 18. Nf1 Qe7 19. a4 Ra5 20. Qc2 Rfa8 21. Rb7 Ne8
22. Qb3 Qd8 23. Bd1 Kg7 24. Rb1 h4 25. Rb8 Rxb8 26. Qxb8 Qxb8 27. Rxb8 Kf6 28.
Ne3 Bxe3 29. fxe3 Ke7 30. Kf2 f5 31. exf5 gxf5 32. g3 h3 33. Nb5 Bxb5 34. Rxb5
Ra7 35. e4 fxe4 36. g4 Nf6 37. Rb2 Nh7 38. Kg3 Ng5 39. Kh4 Kf6 40. Rf2+ Kg6 41.
Rf5 Nf3+ 42. Bxf3 exf3 43. Rxf3 Rxa4 44. Rc3 e4 45. Kxh3 Kf6 46. Kg3 Ke5 47. h4
Ra1 48. Rc2 Ra3+ 49. Kh2 e3 50. Re2 Kf4 51. g5 Kf3 52. Rg2 e2 53. Rxe2 Kxe2 54.
h5 Kf3 55. h6 Kg4 0-1

[Event "Moscow Open 2007"]
[Site "Moscow"]
[Date "2007.01.27"]
[Round "1"]
[White "Pustov, Pavel"]
[Black "Elfert, Aleksandr V"]
[Result "1-0"]
[WhiteElo "2407"]
[BlackElo "2114"]
[PlyCount "79"]
[EventDate "2007.??.??"]

1. Nf3 Nf6 2. c4 d5 3. cxd5 Qxd5 4. Nc3 Qa5 5. d4 e6 6. g3 Be7 7. Bg2 O-O 8.
Bd2 Nbd7 9. O-O Qh5 10. h3 h6 11. e4 g5 12. Nh2 e5 13. Qxh5 Nxh5 14. Ng4 exd4
15. Nb5 c6 16. Nxd4 Bf6 17. Nxh6+ Kh7 18. Nhf5 Ne5 19. Bc3 Be6 20. Nxe6 fxe6
21. Nd6 b5 22. Rad1 a5 23. f4 gxf4 24. gxf4 Ng6 25. e5 Bh4 26. Bxc6 Ngxf4 27.
Bxa8 Rxa8 28. Ne4 Rg8+ 29. Kh1 Ne2 30. Rd7+ Kh8 31. Be1 Bxe1 32. Rxe1 Neg3+ 33.
Nxg3 Nxg3+ 34. Kh2 Nf5 35. Red1 Ne3 36. Re1 Rg2+ 37. Kh1 Rg3 38. Rd3 Rxh3+ 39.
Kg1 Nc2 40. Rxh3+ 1-0

[Event "Moscow Open 2007"]
[Site "Moscow"]
[Date "2007.01.27"]
[Round "1"]
[White "Idrisova, Roza"]
[Black "Gagarin, Vasilij"]
[Result "0-1"]
[WhiteElo "2109"]
[BlackElo "2406"]
[PlyCount "73"]
[EventDate "2007.??.??"]

1. d4 d5 2. c4 e6 3. Nc3 c6 4. cxd5 exd5 5. Nf3 Bd6 6. Bg5 Qb6 7. Qc2 f6 8. Bd2
Ne7 9. e4 Bg4 10. Be2 O-O 11. Na4 Qc7 12. h3 Bh5 13. exd5 Bg6 14. Qb3 Nxd5 15.
O-O Nd7 16. Rac1 Kh8 17. Nh4 Bf7 18. Qc2 Bh2+ 19. Kh1 Bf4 20. b4 Bxd2 21. Qxd2
Qf4 22. Qxf4 Nxf4 23. Bg4 Rfe8 24. Nc3 Bc4 25. Rfd1 Nd3 26. Rc2 Nxb4 27. Rcd2
Nd5 28. Ne4 Nf8 29. Rc1 b5 30. Bf3 g6 31. Nc5 Rab8 32. Rb2 Re7 33. g3 Rbe8 34.
Ng2 Ne6 35. Rd2 Ng5 36. Bxd5 Bxd5 37. Rc3 0-1

[Event "Moscow Open 2007"]
[Site "Moscow"]
[Date "2007.01.27"]
[Round "1"]
[White "Ayupov, Damir"]
[Black "Bukhteeva, Viktoria"]
[Result "1-0"]
[WhiteElo "2403"]
[BlackElo "2109"]
[PlyCount "73"]
[EventDate "2007.??.??"]

1. d4 c5 2. d5 f5 3. g3 Nf6 4. Bg2 d6 5. Nh3 Nbd7 6. Nf4 Ne5 7. h4 g6 8. h5 Bg7
9. h6 Bf8 10. Nc3 Bd7 11. Ne6 Bxe6 12. dxe6 Qb6 13. Nd5 Nxd5 14. Qxd5 O-O-O 15.
Bg5 Qc6 16. Rd1 Rg8 17. Kf1 Qb6 18. Qb3 Qa6 19. Bd5 Kb8 20. c4 Nc6 21. a3 Nd4
22. Qd3 Nc6 23. Kg2 Kc8 24. e3 Kc7 25. Rb1 Qa4 26. Qc3 b6 27. b4 Rc8 28. Rhd1
Rd8 29. Rd2 a6 30. bxc5 dxc5 31. Bf4+ Kb7 32. Qb2 b5 33. cxb5 axb5 34. Qxb5+
Qxb5 35. Rxb5+ Ka7 36. Bxc6 Rxd2 37. Bc7 1-0

[Event "Moscow Open 2007"]
[Site "Moscow"]
[Date "2007.01.27"]
[Round "1"]
[White "Popelyshev, Igor V"]
[Black "Ageichenko, Genadi A"]
[Result "0-1"]
[WhiteElo "2106"]
[BlackElo "2402"]
[PlyCount "114"]
[EventDate "2007.??.??"]

1. e4 d6 2. d4 Nf6 3. Bd3 g6 4. f4 Bg7 5. Nf3 c5 6. c3 O-O 7. dxc5 dxc5 8. e5
Ng4 9. O-O Nc6 10. Na3 a6 11. Be4 Qc7 12. Qe1 Nh6 13. Nh4 Be6 14. f5 Nxf5 15.
Bxf5 gxf5 16. Nxf5 Qxe5 17. Nxg7 Qxe1 18. Rxe1 Kxg7 19. Be3 b6 20. b3 Rfd8 21.
Rad1 Rxd1 22. Rxd1 f6 23. Bf4 Rc8 24. Nc2 Kf7 25. Ne3 b5 26. Kf2 a5 27. Rd2 Ra8
28. Nd5 b4 29. cxb4 Bxd5 30. Rxd5 Nxb4 31. Rd2 Ke6 32. Be3 Rc8 33. a3 Nd5 34.
Rc2 Nxe3 35. Kxe3 Rb8 36. Rc3 Kd5 37. Kd2 Rg8 38. g3 Rg4 39. Rf3 Rd4+ 40. Kc3
Re4 41. Rd3+ Kc6 42. Rf3 h5 43. h3 Kb5 44. Kd3 Rd4+ 45. Kc3 a4 46. bxa4+ Rxa4
47. Kb2 Re4 48. Rb3+ Kc4 49. Rf3 h4 50. g4 Kb5 51. Kb3 Kc6 52. a4 Rb4+ 53. Ka3
Rb1 54. Re3 Rb7 55. g5 fxg5 56. Re5 c4 57. a5 Rb5 0-1

[Event "Moscow Open 2007"]
[Site "Moscow"]
[Date "2007.01.27"]
[Round "1"]
[White "Skurikhin, Dmitrij"]
[Black "Samedov, Alim"]
[Result "1-0"]
[WhiteElo "2401"]
[BlackElo "2104"]
[PlyCount "75"]
[EventDate "2007.??.??"]

1. d4 d5 2. c4 Nf6 3. Nf3 c6 4. Nc3 Bf5 5. e3 e6 6. Qb3 Qc7 7. Bd2 Nbd7 8. Rc1
dxc4 9. Bxc4 Be7 10. h3 h6 11. Ne2 Ne4 12. Bb4 Nd6 13. Ng3 Bg6 14. O-O Nb6 15.
Be2 O-O 16. Ne5 Bh7 17. Ba5 Bf6 18. Ng4 Bd8 19. Bf3 Qe7 20. Bb4 Bc7 21. e4 a5
22. Bc5 Nd7 23. e5 Nxc5 24. exd6 Bxd6 25. dxc5 Bxc5 26. Qc4 Bd6 27. Rfe1 Bxg3
28. fxg3 Qd6 29. Qf4 Qd3 30. Rcd1 Qb5 31. Qe5 Qa4 32. a3 Bc2 33. Rd4 Qb3 34.
Re3 Qxb2 35. Nxh6+ Kh8 36. Rh4 Qxe5 37. Nf5+ Kg8 38. Ne7# 1-0

[Event "Moscow Open 2007"]
[Site "Moscow"]
[Date "2007.01.27"]
[Round "1"]
[White "Gvilava, Maya"]
[Black "Polivanov, Anatoliy"]
[Result "0-1"]
[WhiteElo "2098"]
[BlackElo "2400"]
[PlyCount "86"]
[EventDate "2007.??.??"]

1. e4 c6 2. d4 d5 3. Nd2 dxe4 4. Nxe4 Nf6 5. Ng3 h5 6. h4 Bg4 7. Qd3 g6 8. Be2
Bxe2 9. N1xe2 Bg7 10. Bg5 Nd5 11. O-O-O O-O 12. Ne4 Nd7 13. g4 Qa5 14. Kb1 Nb4
15. Qb3 Qd5 16. N2g3 a5 17. gxh5 f6 18. Be3 Qxb3 19. axb3 f5 20. h6 fxe4 21.
hxg7 Kxg7 22. Nxe4 a4 23. bxa4 Rxa4 24. c3 Nd5 25. Rdg1 Kf7 26. Ng5+ Ke8 27.
Rg2 b5 28. Rhg1 b4 29. Ne6 Rh8 30. c4 Nxe3 31. fxe3 b3 32. c5 Nf6 33. Kc1 Rc4+
34. Kd2 Rxh4 35. Kd3 Ra4 36. Nf4 e5 37. Nxg6 e4+ 38. Kc3 Nd5+ 39. Kxb3 Rb4+ 40.
Ka3 Rh7 41. Ka2 Nc3+ 42. Ka3 Rhb7 43. bxc3 R4b5 0-1

[Event "Moscow Open 2007"]
[Site "Moscow"]
[Date "2007.01.27"]
[Round "1"]
[White "Loskutov, Oleg"]
[Black "Larina, Marija"]
[Result "1-0"]
[WhiteElo "2397"]
[BlackElo "2094"]
[PlyCount "99"]
[EventDate "2007.??.??"]

1. e4 c5 2. Nf3 Nc6 3. d4 cxd4 4. Nxd4 Nf6 5. Nc3 e5 6. Ndb5 d6 7. Bg5 a6 8.
Na3 b5 9. Nd5 Be7 10. Nxe7 Nxe7 11. Bxf6 gxf6 12. Bd3 Bb7 13. c4 Qa5+ 14. Qd2
Qxd2+ 15. Kxd2 bxc4 16. Nxc4 Rd8 17. Na5 Bc8 18. Ke2 d5 19. Rac1 f5 20. exd5
Nxd5 21. g3 O-O 22. a3 e4 23. Bc4 Ne7 24. Rhd1 Kg7 25. b4 f4 26. Rxd8 Rxd8 27.
gxf4 Kf6 28. Nb3 Kf5 29. Ke3 Ng6 30. Nd4+ Kf6 31. Be2 Bb7 32. Rc7 Ba8 33. Bxa6
Nh4 34. Bf1 Rg8 35. Ra7 Rc8 36. b5 Bd5 37. Ra6+ Kg7 38. Kd2 Bc4 39. Bh3 Rd8 40.
Kc3 Bxb5 41. Ra7 Rd6 42. a4 Bd3 43. Be6 Kg6 44. Bxf7+ Kf6 45. Be8 Rd8 46. Bb5
h5 47. Ra6+ Kf7 48. Nc6 Rd5 49. Ne5+ Kg7 50. Nxd3 1-0

[Event "Moscow Open 2007"]
[Site "Moscow"]
[Date "2007.01.27"]
[Round "1"]
[White "Kreines, Mikhail"]
[Black "Sjugirov, Sanan"]
[Result "0-1"]
[WhiteElo "2088"]
[BlackElo "2396"]
[PlyCount "62"]
[EventDate "2007.??.??"]

1. d4 Nf6 2. c4 g6 3. Nc3 Bg7 4. e4 d6 5. Nf3 O-O 6. Be2 e5 7. d5 a5 8. O-O Na6
9. Ne1 Nc5 10. Qc2 Ne8 11. Nd3 b6 12. Be3 f5 13. Nxc5 bxc5 14. exf5 gxf5 15. f4
exf4 16. Bxf4 Nf6 17. Bd3 Ng4 18. Rf3 Qh4 19. Raf1 Bd7 20. Bg3 Qh5 21. Ne2 Rae8
22. Bf4 Re7 23. h3 Ne5 24. Bxe5 Bxe5 25. Bxf5 Bxf5 26. Rxf5 Rxf5 27. Rxf5 Qg6
28. Nc3 Qg3 29. Ne2 Qe1+ 30. Rf1 Bh2+ 31. Kxh2 Qxf1 0-1

[Event "Moscow Open 2007"]
[Site "Moscow"]
[Date "2007.01.27"]
[Round "1"]
[White "Kremenietsky, Anatoly M"]
[Black "Losev, Sergey"]
[Result "1-0"]
[WhiteElo "2389"]
[BlackElo "2080"]
[PlyCount "107"]
[EventDate "2007.??.??"]

1. e4 e6 2. d4 d5 3. Nc3 Bb4 4. e5 c5 5. Bd2 cxd4 6. Nb5 Be7 7. Qg4 g6 8. Nf3
Nc6 9. Nbxd4 Qb6 10. Nb3 Bd7 11. a3 h5 12. Qf4 Nh6 13. Bd3 Nf5 14. Bxf5 gxf5
15. O-O O-O-O 16. Qe3 Qxe3 17. Bxe3 f6 18. Bf4 fxe5 19. Nxe5 Nxe5 20. Bxe5 Rhg8
21. Nd4 Bc5 22. Rad1 Bxd4 23. Rxd4 Rg4 24. f3 Rxd4 25. Bxd4 a6 26. Re1 Rg8 27.
Kf2 Rg6 28. Re2 Kd8 29. Ke3 Ke7 30. Be5 Bc6 31. Kd4 Bb5 32. Rf2 Bc6 33. Kc5 Rg8
34. Kb6 Rg6 35. Kc7 Rg8 36. Rd2 Rg6 37. c3 Rg8 38. b4 Kf7 39. Ra2 Re8 40. Kb6
Re7 41. a4 Be8 42. b5 axb5 43. axb5 Kg6 44. Ra8 Kf7 45. f4 Rd7 46. Rb8 Ke7 47.
Bd4 Kf8 48. Bc5+ Kf7 49. g3 d4 50. cxd4 Rd5 51. Rxb7+ Kf6 52. Rb8 Kf7 53. Ka5
Rd7 54. b6 1-0

[Event "Moscow Open 2007"]
[Site "Moscow"]
[Date "2007.01.27"]
[Round "1"]
[White "Gingold, Anton"]
[Black "Reshetnikov, Alexey"]
[Result "1-0"]
[WhiteElo "2079"]
[BlackElo "2388"]
[PlyCount "67"]
[EventDate "2007.??.??"]

1. e4 c5 2. Nf3 e6 3. d4 cxd4 4. Nxd4 Nc6 5. Nb5 d6 6. Bf4 e5 7. Be3 Nf6 8.
N1c3 Be7 9. a4 O-O 10. Bc4 a6 11. Na3 Ng4 12. Nd5 Nxe3 13. Nxe3 Bg5 14. Nd5 Be6
15. O-O Rc8 16. c3 Kh8 17. Qe2 Bh6 18. Rad1 Qh4 19. Nb6 Rcd8 20. Bxe6 fxe6 21.
Nac4 Qe7 22. Rd3 d5 23. exd5 exd5 24. Rxd5 Rxd5 25. Nxd5 Qc5 26. Nce3 e4 27.
Qc4 Bxe3 28. Nxe3 Qe7 29. h3 Qh4 30. f3 Re8 31. fxe4 h6 32. Ng4 h5 33. Qf7 Re7
34. Qg6 1-0

[Event "Moscow Open 2007"]
[Site "Moscow"]
[Date "2007.01.27"]
[Round "1"]
[White "Rjabzev, Konstantin"]
[Black "Ovsiannikov, Maxim"]
[Result "1-0"]
[WhiteElo "2387"]
[BlackElo "2058"]
[PlyCount "55"]
[EventDate "2007.??.??"]

1. e4 e6 2. d4 d5 3. Nd2 Nf6 4. e5 Nfd7 5. c3 c5 6. Bd3 Nc6 7. Ngf3 cxd4 8.
cxd4 Qb6 9. O-O Be7 10. a3 f6 11. exf6 Nxf6 12. b4 Bd7 13. Nb3 a5 14. b5 Nd8
15. a4 Nf7 16. Re1 O-O 17. Nc5 e5 18. Nxe5 Nxe5 19. Rxe5 Bg4 20. f3 Bd6 21. Re2
Qc7 22. h3 Bh2+ 23. Kh1 Nh5 24. hxg4 Bg3 25. Ne6 Qc3 26. Bb2 Qc8 27. gxh5 Qe8
28. Bxh7+ 1-0

[Event "Moscow Open 2007"]
[Site "Moscow"]
[Date "2007.01.27"]
[Round "1"]
[White "Tilicheev, Viacheslav"]
[Black "Beletsky, Alexey"]
[Result "1/2-1/2"]
[WhiteElo "2039"]
[BlackElo "2386"]
[PlyCount "58"]
[EventDate "2007.??.??"]

1. e4 Nf6 2. e5 Nd5 3. d4 d6 4. c4 Nb6 5. exd6 exd6 6. Nc3 Be7 7. h3 Nc6 8. Nf3
Bf6 9. Be3 Bf5 10. Be2 O-O 11. Rc1 Re8 12. O-O h6 13. c5 dxc5 14. dxc5 Bxc3 15.
Qxd8 Raxd8 16. cxb6 Bxb2 17. bxc7 Rc8 18. Rc5 Be4 19. Nd2 Rxc7 20. Nxe4 Rxe4
21. Bf3 Ree7 22. Rd1 Be5 23. Kf1 g5 24. Rdc1 Re6 25. Bxc6 Rexc6 26. Rxc6 bxc6
27. Rc5 Bd6 28. Ra5 c5 29. Ra6 Bf8 1/2-1/2

[Event "Moscow Open 2007"]
[Site "Moscow"]
[Date "2007.01.27"]
[Round "1"]
[White "Gorbatov, Alexej"]
[Black "Pankov, Gennady"]
[Result "1-0"]
[WhiteElo "2385"]
[BlackElo "2014"]
[PlyCount "77"]
[EventDate "2007.??.??"]

1. e4 c5 2. Nf3 d6 3. d4 cxd4 4. Nxd4 Nf6 5. Nc3 a6 6. Be3 Nc6 7. Qd2 e5 8. Nb3
b5 9. f3 Be6 10. Nd5 Bxd5 11. exd5 Ne7 12. c4 bxc4 13. Bxc4 Nf5 14. Bf2 g6 15.
g4 Ne7 16. h4 h5 17. g5 Nd7 18. Qb4 Nc8 19. Na5 Bg7 20. Nc6 Qc7 21. Bd3 O-O 22.
Rc1 Ndb6 23. Be4 a5 24. Qb5 a4 25. O-O Qb7 26. Kh2 Qa6 27. Qxa6 Rxa6 28. Nb4
Ra8 29. Rc7 Rd8 30. Rfc1 Rd7 31. Rxd7 Nxd7 32. Rc7 Nc5 33. Bxc5 dxc5 34. d6 Rb8
35. d7 Ne7 36. Nd5 Rxb2+ 37. Kh3 Nxd5 38. d8=Q+ Bf8 39. Bxd5 1-0

[Event "Moscow Open 2007"]
[Site "Moscow"]
[Date "2007.01.27"]
[Round "1"]
[White "Medvedev, Nikolai"]
[Black "Krivoborodov, Egor"]
[Result "0-1"]
[WhiteElo "2012"]
[BlackElo "2380"]
[PlyCount "36"]
[EventDate "2007.??.??"]

1. e4 c5 2. Nf3 Nc6 3. d4 cxd4 4. Nxd4 g6 5. Be3 Bg7 6. Nc3 Nf6 7. f3 O-O 8.
Qd2 d5 9. O-O-O dxe4 10. Nxe4 Nxe4 11. fxe4 Bxd4 12. Bxd4 Bg4 13. Be2 Bxe2 14.
Qxe2 Nxd4 15. Qe3 e5 16. c3 Qc7 17. Rxd4 exd4 18. Qxd4 Qf4+ 0-1

[Event "Moscow Open 2007"]
[Site "Moscow"]
[Date "2007.01.27"]
[Round "1"]
[White "Orlinkov, Maxim L"]
[Black "Yuganova, Marina"]
[Result "0-1"]
[WhiteElo "2377"]
[BlackElo "1900"]
[PlyCount "98"]
[EventDate "2007.??.??"]

1. d4 Nf6 2. c4 e6 3. g3 c5 4. d5 exd5 5. cxd5 d6 6. Nc3 Be7 7. Bg2 O-O 8. Nf3
Na6 9. O-O Nc7 10. a4 Re8 11. h3 Bf8 12. Nd2 g6 13. e4 Rb8 14. Nc4 b6 15. Re1
Ba6 16. Na3 Nd7 17. Bf1 Bxf1 18. Kxf1 a6 19. Nc4 Qf6 20. Qg4 Qd4 21. Qxd7 Qxc4+
22. Kg2 Rbc8 23. Bf4 Red8 24. Qg4 b5 25. axb5 axb5 26. Ra7 Re8 27. Qd7 Red8 28.
Rxc7 Rxd7 29. Rxc8 Kg7 30. e5 b4 31. e6 fxe6 32. dxe6 Ra7 33. Nd1 Qa6 34. Bh6+
Kxh6 35. Rxf8 Kg7 36. Rd8 Re7 37. Ne3 Qb6 38. Rd7 Qc6+ 39. Kh2 Rxd7 40. exd7
Qxd7 41. Nd5 Qf5 42. Nf4 g5 43. Nh5+ Kf7 44. Kg2 Qd5+ 45. f3 Qd2+ 46. Kf1 Qxb2
47. g4 c4 48. Ng3 Qf6 49. Ne4 Qf4 0-1